000 01474nam a2200193 u 4500
001 000020425
005 20200929170419.0
008 100813s2015 dr 000 0 spa d
020 _a9789945897586
040 _aDO-SdBNP
_bspa
_cBNPHU
082 _axxx
_bxxx
100 1 _aJesús Hernández, Ana
_943092
245 1 0 _aMi escuela es una escuela ecológica /
_cAna Jesús Hernández.
260 _aSanto Domingo :
_bCentro de Cultura Proveda,
_c2015.
300 _a73 p. :
_bil., gráficos ;
_c29 cm.
490 1 _aCuaderno sociedad y educación
_v28
505 0 _aLa creciente demanda de todo lo ecológico --
_tPrimera parte : la clasificación de conceptos es necesaria para oriental acciones funfamentales --
_tCapítulo II : La ecología y el medio ambiente --
_tCapítulo III : Pricipios ecológicos básicos --
_tCapítulo IV : Síntesis del perfil sobre el pensamiento ecológico --
_t2da parte : Alfabetización ecológica desde el marco de la pedagogía de Paulo Freire --
_tCapítulo V : Apostando por escuela con ciencia verde --
_tCapítulo VI : Una escuela que aprende a reciclar es una escuela sostenible --
_tCapítulo VII : Resiliencia y educación --
_tCapítulo VIII : Estructuras de apoyo y mediaciones pedagogícas desde el contexto ecológico --
_t3ra. parte : Aprendizajes contextualizados en el entorno narutal y social de las escuelas dominicanas --
_tCapítulo IX : Ruta iniciada en líneas prográmaticas
830 0 _aCuaderno sociedad y educación
_n28
_943093
999 _c19929
_d19929